000 00320nam a22001457a 4500
003 OSt
008 210125b ||||| |||| 00| 0 eng d
100 _aTANENBAUM, Andrew
245 _aComputer Networks
250 _a4th
260 _aNew Delhi
_bThe Book Company
300 _a891
650 _aMCA
942 _2ddc
_cBB
999 _c10405
_d10405